Retórica
محفوظ في:
| المؤلف الرئيسي: | |
|---|---|
| التنسيق: | كتاب |
| اللغة: | الإسبانية |
| منشور في: |
Madrid
Gredos
1994
|
| سلاسل: | Biblioteca Clásica Gredos, 142
|
| الموضوعات: | |
| الوسوم: |
إضافة وسم
لا توجد وسوم, كن أول من يضع وسما على هذه التسجيلة!
|
MARC
| LEADER | 00000nam a2200000 a 4500 | ||
|---|---|---|---|
| 001 | UCZ5470 | ||
| 003 | CL-VaPUC | ||
| 008 | 951123e19940000SP |||||||||||||||||spa|d | ||
| 082 | 0 | 4 | |a 185 |b ARI |2 21 |
| 100 | |a Aristóteles, |d 384 a.C.- 322 a.C. |e author |9 194 | ||
| 245 | 1 | 0 | |a Retórica |
| 300 | |a 626 p | ||
| 942 | |c BK | ||
| 945 | |d 19951123 00:00:00 |a rleighto | ||
| 260 | |a Madrid |b Gredos |c 1994 | ||
| 650 | 0 | |a Filosofía antigua |9 255705 | |
| 650 | 0 | |a Retórica |9 266620 | |
| 650 | 0 | |a Aristotelismo |9 347069 | |
| 583 | |a last modification |c 20121008 06:08:23 |k Rodrigo Vera | ||
| 490 | 0 | |a Biblioteca Clásica Gredos, 142 | |
| 999 | |c 241782 |d 241780 | ||
| 952 | |0 0 |1 0 |4 0 |6 185_000000000000000_ARI_1994 |7 0 |8 A |9 254258 |a FDOPOS |b BIBEDU |d 2019-11-19 |i 3151794 |l 2 |m 1 |o 185 ARI 1994 |p 3151794 |r 2025-01-22 |s 2024-05-15 |w 2019-11-19 |y BK |k MLH | ||